Mary Poppins Returns Quiz - Statistics

General Stats
  • This quiz has been taken 1,020 times
  • The average score is 7 of 10
Answer Stats
Question Answer % Correct
Who plays Mary Poppins in Mary Poppins Returns? Emily Blunt
94%
What Are The Three Kids Called? John, Annabelle, Georgie
83%
What is Jack's opening song called? Underneath The Lovely London Sky
83%
What is the magical bathtub song called? Can You Imagine That
80%
What job does Jack have? Lamp Lighter
77%
Who plays Jack from Mary Poppins Returns? Lin Manuel-Miranda
69%
What is the lullaby that Mary Poppins sings called? Where The Lost Things Go
69%
What is Jack's Leerie speak song called? Trip A Little Light Fantastic
63%
What is the flying in the sky balloon song called? Nowhere To Go But Up
60%
How old is Michael in Mary Poppins Returns? 35
54%
No matching quizzes found
Score Distribution
Percent of People with Each Score
Percentile by Number Answered
Your Score History
You have not taken this quiz